La responsabilidad penal en la construccin̤

Bibliographic Details
Main Author: Abellanet Guillot, Francesc
Format: Unknown
Language:Spanish
Published: Barcelona: CEDECS, 2005
Subjects:
Online Access:Acceso restringido

MARC

LEADER 00000ny a22000003n 4500
005 20110623114810.0
008 050912s2005 sp s 001 0 spa c
017 |a D.L. B.27891-2005 
020 |a 849566545X 
035 |a 3266 
040 |a SpMaUCDE  |d vLex 
040 |a UMA.RE  |d vLex 
080 |a 349.442(460) 
090 |c 1049  |d 1049 
100 1 |a Abellanet Guillot, Francesc 
245 1 3 |a La responsabilidad penal en la construccin̤  |h [Recurso electrn̤ico]  |c Francesc Abellanet Guillot 
256 |a Servicio en ln̕ea 
260 |a Barcelona:  |b CEDECS,  |c 2005 
300 |a 197 p. ;  |c 21 cm 
506 1 |a Contenido solo disponible en los productos indicados  |d vLex Global  |d vLex Global (Academic Edition, excluding Law Schools)  |d vLex Global (U.S. Academic Edition, Law Schools)  |d vLex Global (U.S. Academic Edition, excluding Law Schools)  |d vLex Global (Academic Edition, Law Schools) 
650 0 7 |a Responsabilidad Penal  |2 Tesauro vLex 
650 0 7 |a Penal  |2 Tesauro vLex 
650 0 7 |a Construccin̤  |2 Tesauro vLex 
740 0 |a vLex Libros (Servicios en ln̕ea) 
856 4 0 |u http://vlex.com/source/3266  |z Acceso restringido 
942 |c BOOK